Sports Quiz

Random Sports or MLB Quiz

MLB Last Five 100-Win Pitchers by Team Quiz Stats

 Plays Quiz not verified by Sporcle

Challenge
Share
Tweet
Score 0/118 Timer 10:00
0 Plays Today
Hint Answer % Correct
MarlinsNone
100%
RaysNone
100%
RockiesNone
100%
MarinersRandy Johnson
96.9%
DiamondbacksRandy Johnson
96.9%
IndiansCC Sabathia
96.2%
YankeesCC Sabathia
96.2%
BravesGreg Maddux
95.8%
CubsGreg Maddux
95.8%
Red SoxPedro Martinez
95.4%
DodgersClayton Kershaw
95%
DodgersRamon Martinez
95%
Nationals/ExposDennis Martinez
95%
OriolesDennis Martinez
95%
BravesTom Glavine
94.6%
BravesJohn Smoltz
94.6%
TigersJustin Verlander
94.6%
Red SoxRoger Clemens
94.3%
AthleticsBarry Zito
93.9%
Blue JaysRoy Halladay
93.9%
MetsTom Seaver
93.1%
OriolesMike Mussina
92.3%
PhilliesCole Hamels
92.3%
YankeesMike Mussina
92.3%
MarinersFelix Hernandez
92%
AstrosRoy Oswalt
91.6%
GiantsMadison Bumgarner
91.6%
MetsDwight Gooden
91.2%
GiantsTim Lincecum
90.8%
CardinalsAdam Wainwright
90.4%
GiantsMatt Cain
90%
AstrosNolan Ryan
88.9%
CardinalsMatt Morris
88.9%
TigersJack Morris
88.5%
AngelsJered Weaver
88.1%
PhilliesSteve Carlton
86.2%
YankeesAndy Pettitte
85.8%
CardinalsBob Gibson
85.1%
White SoxMark Buehrle
83.5%
CubsCarlos Zambrano
82.8%
Hint Answer % Correct
MarinersJamie Moyer
82.8%
PhilliesCurt Schilling
82.8%
DodgersOrel Hershiser
81.2%
RoyalsBret Saberhagen
81.2%
RangersKenny Rogers
80.8%
CubsFerguson Jenkins
80.5%
Nationals/ExposSteve Rogers
80.5%
AstrosJoe Niekro
79.7%
BravesPhil Niekro
79.7%
Red SoxJon Lester
79.7%
AthleticsDave Stewart
78.9%
DodgersFernando Valenzuela
78.5%
BravesTim Hudson
77.4%
RedsBronson Arroyo
77.4%
YankeesRon Guidry
76.6%
Blue JaysDave Stieb
76.2%
TwinsBert Blyleven
74.7%
AstrosMike Scott
74.3%
AthleticsVida Blue
74.3%
AngelsChuck Finley
73.9%
Red SoxTim Wakefield
73.9%
AthleticsCatfish Hunter
72.8%
Blue JaysPat Hentgen
71.3%
GiantsGaylord Perry
71.3%
TwinsJim Perry
71.3%
White SoxWilbur Wood
71.3%
AngelsJohn Lackey
70.9%
TwinsFrank Viola
70.5%
RoyalsKevin Appier
70.1%
White SoxThornton Lee
67.8%
TwinsBrad Radke
67%
MetsJerry Koosman
65.1%
TigersMickey Lolich
64%
TigersDenny McLain
63.6%
IndiansCharles Nagy
62.5%
Blue JaysJimmy Key
60.9%
AngelsFrank Tanana
58.2%
OriolesMike Flanagan
57.9%
IndiansSam McDowell
57.1%
OriolesMike Cuellar
56.3%
Hint Answer % Correct
DodgersBob Welch
55.9%
RedsTom Browning
54.8%
RangersCharlie Hough
54%
RoyalsMark Gubicza
52.9%
RedsMario Soto
52.1%
PiratesJohn Candelaria
50.6%
AngelsMike Witt
50.2%
RangersBobby Witt
50.2%
CubsRick Reuschel
49.8%
TwinsJim Kaat
49.8%
RoyalsDennis Leonard
49%
CardinalsLarry Jackson
47.9%
IndiansEarly Wynn
47.9%
PadresEric Show
46.7%
OriolesScott McGregor
44.8%
CardinalsBob Forsch
44.1%
AstrosShane Reynolds
41%
IndiansMike Garcia
39.1%
TigersDan Petry
38.7%
BrewersMike Caldwell
36.4%
Blue JaysJim Clancy
35.6%
PiratesVern Law
34.9%
PiratesSteve Blass
34.1%
BrewersJim Slaton
31.8%
RoyalsLarry Gura
31%
White SoxBilly Pierce
31%
GiantsKirk Rueter
29.9%
RedsGary Nolan
29.1%
Red SoxBob Stanley
28%
PhilliesChris Short
27.6%
PiratesBob Veale
26.4%
RedsJim Maloney
25.7%
YankeesFritz Peterson
23%
PiratesElroy Face
20.3%
PhilliesCurt Simmons
19.5%
White SoxJoe Horlen
15.3%
CubsBob Rush
5.7%
AthleticsRube Walberg
5.4%

You're not logged in!

Compare scores with friends on all Sporcle quizzes.
OR
Log In

You Might Also Like...

Show Comments

Extras

Created Apr 23, 2017ReportNominate
Tags:MLB Quiz, 100, five, last, team, win

Top Quizzes Today


Score Distribution

Your Account Isn't Verified!

In order to create a playlist on Sporcle, you need to verify the email address you used during registration. Go to your Sporcle Settings to finish the process.

Report this User

Report this user for behavior that violates our Community Guidelines.

Details: